000 01071nam a22002537a 4500
005 20170124103138.0
010 _aB-238376
020 _c150.00
_a819039682
035 _aA-370947
037 _bCen Lib/Ret
040 _aDPL
_bHN
082 _a523.11
_bमिश्राम
100 _aमिश्रा, महेन्द्र कुमार
_985184
245 _aअंतरिक्ष विजय /
_cमहेन्द्र कुमार मिश्रा
246 _aAntarikshya vijaya /
_bby Mahendra Kumar Misha
260 _aसोनीपत
_bआस्था प्रकाशन
_c2007
270 _a12/531, सुभाष पार्क
_bसोनीपत
_e131001
300 _a98पृ. :
_c21सेमी (सजिल्द)
_bसचित्र
650 _aअन्तरिक्ष पर्यटन
_9702
650 _aअंतरिक्ष विजय
_985185
650 _aSpace Tourism
_985186
650 _aSpace conquest
_985187
942 _2ddc
_cHN
_h523.11
_mमिश्राम
999 _c119484
_d119484